000 00387nam a2200133Ia 4500
008 230917s9999||||xx |||||||||||||| ||und||
040 _e107103
_aMAIN
041 _aEnglish
082 _a519.2 N153P
100 _aNanda, Joyti
245 0 _aProfit evalution of some reliability models for sophisticated systems with resume and repeat repair policies
300 _a228 p.
942 _cTH
999 _c124298
_d124298